000 01104 am a2200337ua 4500
001 007354806
005 20201128021030.0
008 010514s2000 xxkadk grbd 001 0 eng d
020 _a0201342766
020 _a9780201342765
040 _aIeDuTC
_dUk
043 _ae------
082 0 4 _a658.40094
_222
_bWHE
100 1 _aWhetten, David A.
_q(David Allred),
_935027
_d1946-
245 1 0 _aDeveloping management skills for Europe /
_cDavid Whetton, Kim Cameron, Mike Woods.
250 _a2nd ed.
260 _aHarlow, United Kingdom :
_bParson Education,
_c2000.
300 _axvi, 710 p. :
_bchart, forms, tables ;
_c24 cm.
500 _aIndex : p. 699-710.
500 _aGlossary : p. 655-667.
500 _aIncludes appendix.
504 _aBibliography : p. 669-697.
650 0 _aManagement
_xStudy and teaching
_92994
650 0 _aManagement
_935028
_xProblems, exercises, etc.
650 0 _aRole playing
_935029
653 _bBUSADM
_cFebruary2014
655 _vreading book
_934232
700 1 _aCameron, Kim S.
_935030
700 1 _aWoods, Mike
_935031
942 _2ddc
_k658.40094 WHE
999 _c18011
_d17983